00763nam a2200229Ia 4500003000400000005001700004006001800021007000300039008004100042024001000083037001100093040001800104041001300122100001600135110008200151245014200233260000900375300001900384650001900403700002900422700008200451OSt20220930072506.0a|||||r|||| 00| 0ta220926b |||||||| |||| 00| 0 eng d a24495 cTheses aCRLcCRLbeng 2engaeng aRay Saswata aUniversity of Delhi. Faculty of Medical Sciences. Department of Ophthalmology 0aComparative evaluation of slanting muscle insertions and vertical transposition of horizontal recti in the treatment of A and V phenomena c1997 a108p.ap.ccm. aEYE - DISEASES a Dr J L Goyal Supervisor aUniversity of Delhi. Faculty of Medical Sciences. Department of Ophthalmology